header

Popular dissent, human agency, and global politics (Record no. 126083)

MARC details
000 -LEADER
fixed length control field 01381nam a22003614a 4500
082 04 - DEWEY DECIMAL CLASSIFICATION NUMBER
Classification number 303.6/1
100 1# - MAIN ENTRY--AUTHOR NAME
Personal name Bleiker, Roland.
245 10 - TITLE STATEMENT
Title Popular dissent, human agency, and global politics
260 ## - PUBLICATION, DISTRIBUTION, ETC. (IMPRINT)
Place of publication Cambridge [England] ;
-- New York :
Name of publisher Cambridge University Press,
Year of publication 2000.
300 ## - PHYSICAL DESCRIPTION
Number of Pages xiii, 289 p.
490 1# - SERIES STATEMENT
Series statement Cambridge studies in international relations ;
650 #0 - SUBJECT ADDED ENTRY--TOPICAL TERM
Topical Term Government, Resistance to.
Topical Term Civil disobedience.
Topical Term Demonstrations.
Topical Term Dissenters.
Topical Term International relations.
856 40 - ELECTRONIC LOCATION AND ACCESS
Uniform Resource Identifier http://site.ebrary.com/lib/rucke/Doc?id=2000872

No items available.

© 2026 Rongo University
Contact us: librarian | system librarian | Rongo university